Statistics for Butte, Montana Neighborhoods (Map)

Click here to take the quiz!

General Stats

  • This quiz has been taken 4 times
  • The average score is 5 of 9

Answers on the Map

Answers color-coded by a green-red scale on the quiz's map according to % correct below.
 

Answer Stats

Neighborhood% Correct
Williamsburg
100%
Columbia Gardens
50%
Divide
50%
Feely
50%
Melrose
50%
Ramsay
50%
Rocker
50%
Silver Bow
50%
Centerville
0%

Score Distribution

Percentile by Number Answered

Percent of People with Each Score

Your Score History

You have not taken this quiz